banner-ar

DECORATING EGGS IN THE STYLE OF FOBERGE / (Record no. 18200)

MARC details
000 -الفاتح
حقل البيانات ثابتة الطول 00429nam a2200169Ia 4500
008 - عناصر البيانات ثابتة الطول - معلومات عامة
حقل البيانات ثابتة الطول 140319s9999 xx 000 0 eng d
040 ## - مصدر الفهرسة
وكالة الفهرسة الأصلية GCL /
وكالة النسخ GCL
082 04 - رقم تصنيف ديوى العشرى
رقم التصنيف 745.5
رقم المادة P D
100 1# - المدخل الرئيسى - إسم شخصى
الإسم الشخصى PURVES, PAMELA
245 10 - بيان العنوان
العنوان DECORATING EGGS IN THE STYLE OF FOBERGE /
بيان المسئوليه,etc PURVES, PAMELA
300 ## - الوصف المادى
التعداد 96 PP
650 04 - المدخل الاضافى بالموضوع-مصطلح موضوعى
مصطلح موضوعي DECORATION
650 04 - المدخل الاضافى بالموضوع-مصطلح موضوعى
مصطلح موضوعي ART, DECORATIVE
942 ## - عناصر المدخل الإضافي( كوها)
مصدر التصنيف او مخطط الترفيف Dewey Decimal Classification
Koha [default] item type كتاب
260 ## - PUBLICATION, DISTRIBUTION, ETC. (IMPRINT)
-- [S.N] :
-- SEARCH PRESS
Holdings
حالة التراجع حالة الفقد حالة تلف ليس للاعارة المكان المؤقت الموقع الحالى تاريخ الاكتساب اجمالي اﻻعارات رقم الطلب الباركود تاريخ اخر مشاهدة تاريخ تفعيل السعر نوع وعاء كوها
        مكتبة القاهرة الكبرى مكتبة القاهرة الكبرى 03/26/2014   745.5\P D 33282 03/26/2014 03/26/2014 كتاب

Powered By

EGPV